000 00571nam a22001817a 4500
999 _c193302
_d193302
005 20221020112717.0
010 _aENG-135506
020 _a9789382730637
_c1395.00
035 _aEN-119038
037 _bDBAD/PUB
082 _a370
100 _aTambe, Shashikant L.
245 _aSpecial education/
_cShashikant L. Tambe
260 _akanpur
_bGarima prakashan
_c2018
270 _aIst floor, mayur park basant vihar, Naubasta
_bkanpur
_e208021
_k0512-2634444
_mgarima.prakashan@gmail.com
300 _a328p.
_c22cm(hbk)
942 _2ddc
_cEN
_mTAM
_h370